Tree and serpent worship or illustrations of mythology and art in India in the first and fourth centuries after Christ from the sculptures of the Buddhist topes at Sanchi and Amravati (Record no. 153509)
[ view plain ]
| 000 -LEADER | |
|---|---|
| fixed length control field | 00737nam a2200229Ia 4500 |
| 003 - CONTROL NUMBER IDENTIFIER | |
| control field | OSt |
| 005 - DATE AND TIME OF LATEST TRANSACTION | |
| control field | 20220918174520.0 |
| 008 - FIXED-LENGTH DATA ELEMENTS--GENERAL INFORMATION | |
| fixed length control field | 220917b |||||||| |||| 00| 0 eng d |
| 037 ## - SOURCE OF ACQUISITION | |
| Terms of availability | Textual |
| 040 ## - CATALOGING SOURCE | |
| Original cataloging agency | ARTS |
| Transcribing agency | ARTS |
| Language of cataloging | eng |
| 041 ## - LANGUAGE CODE | |
| Source of code | eng |
| Language code of text/sound track or separate title | eng |
| 100 ## - MAIN ENTRY--PERSONAL NAME | |
| Personal name | Fergusson James |
| 9 (RLIN) | 24302 |
| 245 #0 - TITLE STATEMENT | |
| Title | Tree and serpent worship or illustrations of mythology and art in India in the first and fourth centuries after Christ from the sculptures of the Buddhist topes at Sanchi and Amravati |
| 260 ## - PUBLICATION, DISTRIBUTION, ETC. | |
| Date of publication, distribution, etc. | 1971 |
| 650 ## - SUBJECT ADDED ENTRY--TOPICAL TERM | |
| Topical term or geographic name entry element | SPIRITUALISM |
| 942 ## - ADDED ENTRY ELEMENTS (KOHA) | |
| Classification part | /\40N244:C, L1;L1 |
| Koha item type | Textual |
| Source of classification or shelving scheme | Colon Classification (CC) |
| Withdrawn status | Lost status | Damaged status | Not for loan | Home library | Current library | Date acquired | Total Checkouts | Full call number | Barcode | Date last seen | Price effective from | Koha item type |
|---|---|---|---|---|---|---|---|---|---|---|---|---|
| Arts Library | Arts Library | 2022-09-18 | /\40N244:C L1;L1 | AL0357392 | 2022-09-18 | 2022-09-18 | Textual |
